Ochrana zrúcanín v kultúrnej krajine

Saved in:
Bibliographic Details
Main Authors: Fabian, Pavel (Author), Hrčka, Michal (Author), Vlčko, Ján (Author), Kohút, Vladimír (Author), Hoferek, Aleš (Author), Bóna, Martin (Author), Šimkovic, Michal (Author), Makýš, Oto, 1962- (Author), Závacký, Jozef (Author)
Format: Book
Language:Slovak
Published: Lietava : Združenie na záchranu Lietavského hradu, 2006
Tags: Add Tag
No Tags, Be the first to tag this record!

MARC

LEADER 00000nam a22000003a 4500
001 stu127508
005 20230802125901.9
008 061005s2006----xo------------------slo-d
020 |a 80-969477-0-2 
040 |a STU  |b slo 
041 0 |a slo 
044 |a xo 
080 |a 719 
080 |a 904 
100 1 |a Fabian, Pavel  |4 aut  |9 12 
245 1 |a Ochrana zrúcanín v kultúrnej krajine 
260 |a Lietava :  |b Združenie na záchranu Lietavského hradu,  |c 2006 
300 |a 146 s.;obr 
700 1 |a Hrčka, Michal  |4 aut  |9 7 
700 1 |a Vlčko, Ján  |4 aut  |9 3 
700 1 |a Kohút, Vladimír  |4 aut  |9 8 
700 1 |a Hoferek, Aleš  |4 aut  |9 11 
700 1 |a Bóna, Martin  |4 aut  |9 15 
700 1 |a Šimkovic, Michal  |4 aut  |9 7 
700 1 |a Makýš, Oto,  |d 1962-  |4 aut  |u V270  |9 34  |U SvF Stavebná fakulta  |T SvF Katedra technológie stavieb  |X 832  |U V270  |Y 28  |7 A000000832 
700 1 |a Závacký, Jozef  |4 aut  |9 3 
996 |b 284V017778  |c V*49223/O-21718a  |l VVS  |s A  |a 24  |w stu127508_0001 
996 |b 284V017777  |c V*49222/O-21718  |l VVT  |s A  |a 24  |w stu127508_0002